000 00972nam a2200277 i 4500
003 EG-GICUC
005 20260417095506.0
008 260417s1972 fr ||||fr|||| 00| 0 fre d
040 _aEG-GiCUC
_bfre
_cEG-GiCUC
_dEG-GiCUC
_eRda
041 _afre
082 0 4 _221
_a343.37
_bBL . S
092 0 4 _221
099 _aLaw1 10 343.37 BL . S 1972
100 1 _aBlanc, Emmanuel
_eAuteur
245 1 3 _aLe statut du conseil juridique :
_bcommentaire de la loi du 31 décembre 1971 et des décrets d'application des 13 et 26 juillet 1972 /
_cPar Emmanuel Blanc.
264 1 _aParis :
_bLibrairie du Journal des notaires et des avocats,
_c1972.
300 _a237 pages :;
_c24 cm.
336 _2rda contenu
_a texte
337 _2rda medias
_aOrdinateur
338 _2 transporteur rda
_a Ressource en ligne
650 1 _aDroit pénal
650 1 _aProcès pénal
856 4 0 _uhttps://fll.law.cu.edu.eg/fulltext/bks/B10-09064.pdf
905 _a43
942 _2ddc
_n0
_cBK
_e21
999 _c71537
_d71537